stranger things characters by pictures - Statistics

General Stats
  • This quiz has been taken 85 times
    74 since last reset
  • The average score is 35 of 54
Answer Stats
Picture Answer % Correct
joyce
98%
bob
97%
eleven
92%
hopper
92%
dustin
90%
erica
90%
will
90%
steve
89%
eddie
87%
max
87%
billy
85%
nancy
85%
lucas
84%
murray
84%
karen
82%
mick
82%
robin
82%
mike
80%
jonathan
79%
alexei
77%
holly
77%
ted
77%
argyle
75%
brenner
74%
Henry
74%
suzie
74%
chrissy
72%
angela
70%
kali
70%
yuri
67%
scott
66%
vickie
64%
jason
62%
fred
59%
lonnie
57%
Sam
57%
terry
57%
victor
54%
tom
52%
grigori
48%
patrick
46%
barbra
44%
larry
43%
powell
41%
tommy
41%
Callahan
39%
carol
39%
doris
38%
wayne
36%
bruce
33%
dmitri
31%
florence
21%
cornelius
16%
gareth
10%
No matching quizzes found
Score Distribution
Percent of People with Each Score
Percentile by Number Answered
Your Score History
You have not taken this quiz since the last reset